ნორმალური ფორმატი
MARC ფორმატი
ჩანაწერი Topical Term
ჩანაწერთა რაოდენობა, რომელიც გამოყენებულია: 1
001 - CONTROL NUMBER
- control field: 17706
003 - CONTROL NUMBER IDENTIFIER
- control field: GE_BSU
005 - DATE AND TIME OF LATEST TRANSACTION
- control field: 20230421120410.0
008 - FIXED-LENGTH DATA ELEMENTS
- fixed length control field: 230421|| aca||aabn | a|a d
040 ## - CATALOGING SOURCE
- Original cataloging agency: GE_BSU
- Transcribing agency: GE_BSU
150 ## - HEADING--TOPICAL TERM
- Topical term or geographic name entry element: Cognitive Therapy.
670 ## - SOURCE DATA FOUND
- Source citation: Work cat.: (GE_BSU)0: Leahy, Robert L. 17705, Treatment plans and interventions for depression and anxiety disorders /
